|
|
|
|
| LEADER |
01037nam a2200277 u 4500 |
| 001 |
10025716 |
| 003 |
upatras |
| 005 |
20210117205921.0 |
| 008 |
960125s1976 ge eng |
| 020 |
|
|
|a 354007614X
|q (Χαρτόδ. μαλακό)
|
| 040 |
|
|
|a GR-PaULI
|c GR-PaULI
|
| 041 |
0 |
|
|a eng
|
| 050 |
|
4 |
|a 75-46504
|
| 245 |
1 |
0 |
|a Pade approximants method and its applications to mechanics
|c Edited by H. Cabannes
|
| 260 |
|
|
|a Berlin
|b Springer Verlag
|c 1976
|
| 300 |
|
|
|a xiii, 267 p.
|b fig., tab.
|c 24 cm
|
| 490 |
0 |
|
|a Lecture notes in physics
|v 47
|
| 505 |
1 |
|
|a Includes bibliography
|
| 650 |
|
4 |
|a Ρευστομηχανική
|9 1308
|
| 650 |
|
4 |
|9 13
|a Μαθηματική φυσική
|
| 700 |
1 |
|
|a Cabannes, Henri
|9 51878
|
| 760 |
1 |
|
|a Lecture notes in physics
|g 47
|
| 852 |
|
|
|a GR-PaULI
|b ΠΑΤΡΑ
|b ΦΥΣΙΚΟ
|k ΑΕΧ-1
|h 532.01 CAB
|m 01211
|t 1
|
| 942 |
|
|
|2 ddc
|c BK15
|
| 952 |
|
|
|0 0
|1 0
|4 0
|6 532_010000000000000_CAB
|7 0
|9 195475
|a PHYS
|b PHYS
|d 2016-04-24
|i 01211
|l 0
|o 532.01 CAB
|r 2016-04-24 00:00:00
|t 1
|w 2016-04-24
|y BK15
|
| 999 |
|
|
|c 119946
|d 119946
|